1358 1539 1132 1451 1489 1415 1810 1855 1858 1065 1378 1931 1229 1855 1106 1351 1921 1866 1522 1905 1853 1536 1247 1955 1535 1657 1347 1153 1501 1127 1888 1073 1369 1861 1254 1903 1084 1770 1830 1437 1744 1277 1681 1667 1438 1790 1273 1133 1802 1535 1759 1163 1876 1176 1657 1069 1708 1491 1778 1571 1954 1542 1224 1870 1670 1081 1841 1273 1177 1421 1063 1235 1838 1159 1885 1832 1091 1064 1048 1341 1338 1147 1667 1896 1870 1679 1808 1704 1640 1260 1594 1362 1465 1001 1361 1232 1765 1879 1800 BCNSPRNW ULIB Ver.6.0+V

เปลี่ยนเป็นภาษาไทย

Change to English
 แสดงรายละเอียดบรรณานุกรม
  กลับหน้าหลัก

Brief Record : Get Marc (ISO 2709) : E-mail record : QR code < ปิดหน้าต่าง
LEADER : 00000nam 2200000uu 4500
001    13399126149
003     ULIB
008    180613s2560||||th 000 0 tha d
020    ^a9786165470889
050  4 ^aPE1128^bส779cu
100 0  ^aสุทิน พูลสวัสดิ์
245 10 ^aCU-TEP reading :^bภาษาอังกฤษเข้าจุฬาลงกรณ์มหาวิทยาลัย /^cSutinPoolsawad
246 30 ^aภาษาอังกฤษเข้าจุฬาลงกรณ์มหาวิทยาลัย
246 31 ^aBest test preparation for CU-TEP : CU-TEP reading
250    ^aพิมพ์ครั้งที่ 4
260    ^aกรุงเทพฯ :^bศูนย์หนังสือ ที.จี.อาร์.อี.,^c2560
300    ^a327 หน้า ;^c26 ซม.
610 24 ^aจุฬาลงกรณ์มหาวิทยาลัย^xการสอบคัดเลือก^xข้อสอบและเฉลย
650  0 ^aEnglish language^xExaminations
650  0 ^aEnglish language^vExaminations, questions, etc.
650  0 ^aReading comprehension
650  4 ^aภาษาอังกฤษ^xการสอบ
650  4 ^aภาษาอังกฤษ^vข้อสอบและเฉลย
650  4 ^aความเข้าใจในการอ่าน
700 0  ^aSutin Poolsawad
910    ^aSend to UC
945    ^p325^l0^i004795
945    ^p325^l0^i004243
999    ^aประนอม เกษจรัล
รายการนี้ยังไม่มีแท็ก
คุณยังไม่ได้ล็อกอิน คุณสามารถมีกิจกรรมร่วมกับเว็บไซต์ได้ แต่ต้องล็อกอินก่อน ::
  ล็อกอิน

รายการสื่อสารสนเทศ

ลำดับที่ ประเภท เลขเรียก/บาร์โค้ด สถานที่ สถานะ
1. วิทยาศาสตร์การแพทย์ และสุขภาพ
หนังสือสำรอง
สถานะ=หนังสือสำรอง
PE1128 ส779cu ฉ.1 
  Barcode: 004243
ห้องสมุดวิทยาเขตนครสวรรค์
►นวนิยาย:l:Fiction
บนชั้น
2. การศึกษาทั่วไป
การศึกษาทั่วไป
PE1128 ส779cu ฉ.2 
  Barcode: 004795
ห้องสมุดวิทยาเขตสวรรค์ประชารักษ์
►หนังสือทั่วไป
ถูกยืม กำหนดส่งวันที่ 5 ธันวาคม 2568
  จอง

รายการใกล้เคียง
    ผู้แต่ง [สุทิน พูลสวัสดิ์]

    หัวเรื่อง [Reading comprehension]
    หัวเรื่อง [ความเข้าใจในการอ่าน]

BibComment


ยังไม่เคยถูกคอมเมนท์

คอมเมนท์ทรัพยากรรายการนี้
  คอมเมนท์: CUTEP reading ภ..


 Copyright 2026. Bcnsprnw @Library